[Event "Paris-ch"]
[Site "Paris"]
[Date "1992.??.??"]
[Round "9"]
[White "Pergericht, Daniel"]
[Black "Renaze, Luc"]
[Result "1-0"]
[WhiteElo "2295"]
[BlackElo "2240"]

1.d4 Nf6 2.c4 e6 3.g3 Bb4+ 4.Bd2 Qe7 5.Bg2 Nc6 6.Nf3 Bxd2+ 7.Nbxd2 d6 8.O-O e5
9.d5 Nb8 10.e4 a5 11.Ne1 O-O 12.Nd3 Na6 13.Qc2 Nd7 14.Qc3 Nac5 15.Ne1 f5
16.exf5 Rxf5 17.Nc2 Nf6 18.Rae1 Qf7 19.f4 exf4 20.Nd4 Re5 21.gxf4 Rxe1 22.Rxe1 Bd7
23.f5 Qh5 24.Rf1 Qg4 25.Ne6 Bxe6 26.dxe6 c6 27.Qe3 a4 28.h3 Qh4 29.Rf4 Qh6
30.Qd4 Ne8 31.f6 gxf6 32.Rh4 Qf8 33.Be4 Nxe4 34.Nxe4 f5 35.Ng3 Ng7 36.Qe3 Re8
37.Qh6 Rxe6 38.Qxh7+ Kf7 39.Nxf5 Rg6+ 40.Kh1 Kf6 41.Nh6 Qe8 42.Ng8+ Ke5 43.Re4+ Kxe4
44.Nf6+ Kf5 45.Nxe8 Nxe8 46.Qd7+ Re6 47.Qh7+ Rg6 48.Qd7+ Re6 49.Qxb7 Nf6
50.Qxc6 Re1+ 51.Kg2 Ne4 52.Qxa4 Kf4 53.Qc2 Re3 54.a4 Rg3+ 55.Kh2 Rf3 56.a5 Ng3
57.Qd2+ Ke4 58.Qd5+ Ke3 59.Qxf3+  1-0

[Event "Fishbecks"]
[Site "Pasadena"]
[Date "1992.??.??"]
[Round "?"]
[White "Duckworth, William  Mark"]
[Black "Booth, Stephen A"]
[Result "0-1"]
[WhiteElo "2295"]
[BlackElo "2235"]

1.d4 Nf6 2.c4 e6 3.g3 Bb4+ 4.Bd2 Bxd2+ 5.Nxd2 O-O 6.e4 d6 7.Ngf3 e5 8.d5 Na6
9.Bg2 Nc5 10.Qc2 a5 11.O-O Bd7 12.Ne1 Qc8 13.Nd3 Nxd3 14.Qxd3 Bh3 15.f4 Bxg2
16.Kxg2 exf4 17.gxf4 Nd7 18.Rae1 Nc5 19.Qg3 a4 20.Kh1 Qd8 21.e5 dxe5 22.fxe5 Ra6
23.Rg1 Rg6 24.Qe3 Rxg1+ 25.Rxg1 Qe7 26.Nf3 Re8 27.Qd4 Nd7 28.Qg4 g6 29.Re1 Nc5
30.Qd4 b6 31.Re3 Qd7 32.Qf4 c6 33.d6 Ne6 34.Qg4 Nc5 35.Qf4 Ne6 36.Qh6 Rf8
37.Qh3 Qd8 38.Qg4 c5 39.Nd2 h5 40.Qg3 Nd4 41.Qg2 Re8 42.d7 Qxd7 43.Ne4 Re6
44.Kg1 Nf5 45.Re1 Qd4+ 46.Kh1 Qxe5 47.Re2 Nd4 48.Re1 f5  0-1

[Event "Philadelphia opI"]
[Site "Philadelphia"]
[Date "1992.??.??"]
[Round "4"]
[White "Palatnik, Semon"]
[Black "Rowley, Robert"]
[Result "1-0"]
[WhiteElo "2510"]
[BlackElo "2380"]

1.d4 Nf6 2.c4 e6 3.g3 Bb4+ 4.Bd2 Qe7 5.Bg2 Bxd2+ 6.Nxd2 d6 7.e4 e5 8.d5 Nbd7
9.b4 a5 10.a3 O-O 11.Ne2 c6 12.Nc3 cxd5 13.cxd5 b6 14.O-O Ba6 15.Re1 Rfc8
16.Qb3 Bd3 17.Bf1 Bxf1 18.Rxf1 Ne8 19.Rac1 g6 20.Nb5 f5 21.Rc6 axb4 22.axb4 Ndf6
23.Rfc1 Rd8 24.exf5 gxf5 25.Nc4 Qf7 26.Nbxd6 Nxd6 27.Nxd6 Qxd5 28.Qxd5+ Nxd5
29.Nxf5 Rf8 30.Nh6+ Kg7 31.Rd1 Rf6 32.Nf5+ Rxf5 33.Rxd5 Raf8 34.Rd7+ Kg8
35.Rcc7 R8f7 36.Rxf7 Rxf7 37.Rc6  1-0

[Event "RUS-chT"]
[Site "Podolsk"]
[Date "1992.??.??"]
[Round "?"]
[White "Gleizerov, Evgeny"]
[Black "Nikolenko, Oleg"]
[Result "1/2-1/2"]
[WhiteElo "2525"]
[BlackElo "2465"]

1.d4 Nf6 2.c4 e6 3.g3 Bb4+ 4.Bd2 Be7 5.Bg2 d5 6.Nf3 O-O 7.O-O c6 8.Qc2 b6
9.b3 Ba6 10.Rd1 Nbd7 11.a4 Ne4 12.Be1 Rc8 13.a5 b5 14.c5 f5 15.b4 Qe8 16.Ne5 Nxe5
17.dxe5 Qh5 18.Qd3 Rcd8 19.Na3 Bc8 20.Nc2 Bd7 21.Nd4 Ng5 22.Nf3  1/2-1/2

[Event "RUS-chT"]
[Site "Podolsk"]
[Date "1992.??.??"]
[Round "?"]
[White "Raetsky, Alexander"]
[Black "Ulibin, Mikhail"]
[Result "0-1"]
[WhiteElo "2455"]
[BlackElo "2585"]

1.d4 e6 2.c4 Nf6 3.g3 Bb4+ 4.Nd2 O-O 5.Bg2 d5 6.Qc2 b6 7.Nf3 Bb7 8.O-O Be7
9.Rd1 Qc8 10.b3 c5 11.Bb2 Na6 12.a3 dxc4 13.Qxc4 Rd8 14.Ne5 Bxg2 15.Kxg2 Qb7+
16.Ndf3 b5 17.Qc2 Rdc8 18.dxc5 Nxc5 19.Bd4 a5 20.Qb2 Nfe4 21.Nd3 Nxd3 22.Rxd3 f6
23.Kg1 e5 24.Be3 b4 25.axb4 axb4 26.Rxa8 Rxa8 27.Bd2 Nc3 28.Bxc3 e4  0-1

[Event "Prague DDM"]
[Site "Prague"]
[Date "1992.??.??"]
[Round "5"]
[White "Hausner, Ivan"]
[Black "Landenbergue, Claude"]
[Result "1/2-1/2"]
[WhiteElo "2410"]
[BlackElo "2390"]

1.d4 Nf6 2.c4 e6 3.g3 Bb4+ 4.Bd2 a5 5.Bg2 d5 6.Qc2 Nc6 7.Nf3 dxc4 8.Qxc4 Qd5
9.Qd3 Qe4 10.Qc4 Qd5 11.Qd3 Qe4  1/2-1/2

[Event "Bohemians-B"]
[Site "Prague"]
[Date "1992.??.??"]
[Round "13"]
[White "Spacek, Petr"]
[Black "Gaertner, Guntram"]
[Result "1-0"]
[WhiteElo "2395"]
[BlackElo "2250"]

1.d4 Nf6 2.c4 e6 3.g3 Bb4+ 4.Bd2 a5 5.Nf3 b6 6.Bg2 Bb7 7.O-O Bxd2 8.Qxd2 O-O
9.Nc3 Ne4 10.Qc2 Nxc3 11.Qxc3 d6 12.Rae1 c5 13.Rd1 Qc7 14.Rd2 Rd8 15.Rfd1 Na6
16.Ne1 Bxg2 17.Nxg2 Rac8 18.b3 Nb8 19.d5 e5 20.e4 Qe7 21.Re2 Rf8 22.f4 Nd7
23.Rf1 Rce8 24.f5 Ra8 25.a4 f6 26.Qf3 Rfd8 27.Ne3 Qf7 28.Rg2 h6 29.g4 Kf8
30.h4 Ke7 31.Kf2 Rh8 32.Rfg1 Raf8 33.Ke2 Rh7 34.Rg3 Rfh8 35.Nd1 Nb8 36.Kd2 Na6
37.R1g2 Nc7 38.Nf2 Ne8 39.Kd3 Kd7 40.Nh3 Ke7 41.Ng1 Kd7 42.Qe3 Kd8 43.Nf3 Kd7
44.Qg1 Kd8 45.Rh3 Kd7 46.Qh1 Kd8 47.Rgh2 Kd7 48.g5 hxg5 49.hxg5 Rxh3 50.Rxh3 Rxh3
51.Qxh3 Kd8 52.Qh8 g6 53.fxg6 Qxg6 54.Qh6 Qg7 55.Qxg7 Nxg7 56.g6 f5 57.Ng5 Ke7
58.Nh7 f4 59.Ke2 Nh5 60.Kf2 Nf6 61.Kf3 Ng8 62.Kg4 Ke8 63.Ng5 Ke7 64.Nh7 Nf6+
65.Kf3 Ng8 66.Kg4 Ke8 67.Ng5 Kf8 68.Kf5 Kg7 69.Ke6 Kxg6 70.Nf3 Nh6 71.Kxd6 Kf6
72.Kc7 Nf7 73.d6 Ke6 74.d7 Ke7 75.Nxe5 Nd8 76.Nc6+ Nxc6 77.Kxc6 Kd8 78.Kd6 f3
79.e5  1-0

[Event "Rishon Le Ziyyon"]
[Site "Rishon Le Ziyyon"]
[Date "1992.??.??"]
[Round "8"]
[White "Birnboim, Nathan"]
[Black "Zilberman, Yaacov"]
[Result "1-0"]
[WhiteElo "2395"]
[BlackElo "2490"]

1.d4 Nf6 2.c4 e6 3.g3 Bb4+ 4.Nd2 c5 5.a3 Bxd2+ 6.Qxd2 cxd4 7.Nf3 b6 8.Bg2 Bb7
9.Qxd4 Nc6 10.Qc3 Rc8 11.b4 d5 12.cxd5 Qxd5 13.O-O Na5 14.Qb2 Nc4 15.Qb3 O-O
16.Rd1 Qc6 17.a4 a6 18.Bg5 e5 19.Nh4 e4 20.Nf5 Rfe8 21.Rac1 Nd5 22.Rxc4 Qxc4
23.Qxc4 Rxc4 24.Nd6 Nc3 25.Rd2 h6 26.Nxe8 hxg5 27.Rd8 Rc8 28.Nf6+  1-0

[Event "Sevilla op"]
[Site "Sevilla"]
[Date "1992.??.??"]
[Round "9"]
[White "Gulko, Boris F"]
[Black "Arroyo, Eudor"]
[Result "1-0"]
[WhiteElo "2560"]
[BlackElo "2230"]

1.d4 Nf6 2.c4 e6 3.g3 Bb4+ 4.Bd2 Qe7 5.Bg2 Nc6 6.Nf3 Bxd2+ 7.Nbxd2 d6 8.O-O a5
9.e4 e5 10.d5 Nb8 11.Ne1 O-O 12.Nc2 Na6 13.Ne3 g6 14.a3 Bd7 15.b3 c6 16.Re1 Rfe8
17.Qc2 Rec8 18.dxc6 bxc6 19.Qc3 Rcb8 20.b4 axb4 21.axb4 Nc7 22.Nb3 Rxa1 23.Rxa1 d5
24.cxd5 Qxb4 25.Qxe5 Qxb3 26.Qxf6 cxd5 27.exd5 Ne8 28.Qe7 Qc3 29.Rf1 Nf6
30.h3 h5 31.Qd6 Rb4 32.Kh2 Kg7 33.Rc1 Qd2 34.Ra1 Be8 35.Qe7 h4 36.Ra6 Qxf2
37.Qxb4 hxg3+ 38.Kh1 Qxe3 39.Qb6 Qc1+ 40.Qg1 Qc4 41.Qa1 Qh4 42.Qe5 Bd7 43.Kg1 Bf5
44.Qc3 Bd7 45.Rd6 Bc8 46.Qe5 Bf5 47.Rc6 Bd7 48.Rb6 Bf5 49.Qc3 Bd7 50.Rb4 Qg5
51.Rb3 Kf8 52.Qxg3 Qxg3 53.Rxg3 Ke7 54.Rb3 Bf5 55.Kf2 Kd6 56.Rb5 Ke5 57.Rb7 Nd7
58.Ke3 g5 59.Rb5 f6 60.Rb7 Nc5 61.Re7+ Kd6 62.Re8 Bd7 63.Rf8 Ke5 64.Rg8 Nb7
65.Kd3 Nd6 66.Kc3 Ne4+ 67.Kc4 Nf2 68.Rd8 Bf5 69.Re8+ Kf4 70.Re6 Nd1 71.Kd4 Bxe6
72.dxe6 Ne3 73.Be4 g4 74.hxg4  1-0

[Event "Sweden"]
[Site "Sweden"]
[Date "1992.??.??"]
[Round "?"]
[White "Carlhammar, Magnus"]
[Black "Moberg, Karl Johan"]
[Result "1-0"]
[WhiteElo "2280"]
[BlackElo "2320"]

1.d4 Nf6 2.c4 e6 3.g3 Bb4+ 4.Bd2 Qe7 5.Nf3 Nc6 6.Nc3 Bxc3 7.Bxc3 Ne4 8.Rc1 d6
9.Bg2 O-O 10.O-O Nxc3 11.Rxc3 e5 12.d5 Nb8 13.Qc2 c5 14.dxc6 Nxc6 15.Rd1 Rd8
16.Qd2 h6 17.Ne1 Be6 18.Nc2 Rac8 19.Ne3 Nd4 20.Nd5 Bxd5 21.Bxd5 a6 22.e3 Ne6
23.b4 Nc7 24.Bxb7 Rb8 25.Bg2 Rxb4 26.a3 Rbb8 27.Rd3 Ne6 28.Rxd6 Rxd6 29.Qxd6 Qxd6
30.Rxd6 Rb1+ 31.Bf1 Nc5 32.Kg2 f6 33.Rc6 Nb3 34.Bd3 Ra1 35.Bg6 Kf8  1-0

[Event "NOR-chT"]
[Site "Vettre"]
[Date "1992.??.??"]
[Round "5"]
[White "Hjelmaas, Lars"]
[Black "Egeli, Per Ove"]
[Result "1-0"]
[WhiteElo "2300"]
[BlackElo "2210"]

1.d4 Nf6 2.c4 e6 3.g3 Bb4+ 4.Bd2 Be7 5.Bg2 d5 6.Nf3 O-O 7.O-O c6 8.Bc3 Ne4
9.Nbd2 Nxc3 10.bxc3 Nd7 11.Qc2 b5 12.cxb5 cxb5 13.Rfb1 Nb6 14.e4 Ba6 15.Bf1 Nc4
16.Nxc4 bxc4 17.Qa4 Bc8 18.Ne5 Qd6 19.Bg2 Rd8 20.Nc6 Rd7 21.Ne5 Rd8 22.exd5 exd5
23.Nxc4 Qc7 24.Ne3 Be6 25.c4 Rac8 26.Nxd5 Bxd5 27.Bxd5 Rb8 28.Rb3 Bf6 29.Rab1 Rxb3
30.Rxb3 Bxd4 31.Rb7 Qc5 32.Rxf7 Kh8 33.Qc2 Bf6 34.Qf5 Bd4 35.h4 Qc8 36.Qf4 Bc5
37.Rc7  1-0

[Event "Wisla BES op"]
[Site "Wisla"]
[Date "1992.??.??"]
[Round "4"]
[White "Sorokin, Maxim"]
[Black "Perdek, Miroslaw"]
[Result "1-0"]
[WhiteElo "2570"]
[BlackElo "2270"]

1.d4 Nf6 2.c4 e6 3.g3 Bb4+ 4.Bd2 Qe7 5.Nf3 Nc6 6.Bg2 Bxd2+ 7.Nbxd2 d6 8.O-O a5
9.e4 e5 10.d5 Nb8 11.Ne1 O-O 12.Nc2 Na6 13.b3 c6 14.a3 Bg4 15.f3 Bd7 16.Qe2 cxd5
17.cxd5 Rfc8 18.Nc4 Bb5 19.N2e3 Nc5 20.Rab1 Qd8 21.Rfc1 Bxc4 22.Nxc4 b5 23.Nd2 b4
24.a4 Nfd7 25.Qe3 Nb6 26.f4 Ncd7 27.Rc6 Qf6 28.fxe5 Qxe5 29.Rxb6 Qc3 30.Qxc3 bxc3
31.Nc4 Rxc4 32.Rxd6 Rc7 33.Rc6 Rac8 34.Bh3 Ne5 35.Bxc8 Nxc6 36.dxc6 Rxc8
37.Rc1 Rxc6 38.Rc2 Kf8 39.Kf2 Ke7 40.Ke3 Ke6 41.Kd4 Rb6 42.Rxc3 Rb4+ 43.Ke3 h5
44.Kf4 g6 45.Rc6+ Ke7 46.Ra6 Rxb3 47.Rxa5 Ra3 48.Re5+ Kf6 49.a5 Ra2 50.h4 Ra3
51.Rb5 Ke7 52.g4 hxg4 53.Kxg4 Ra4 54.Kf3 Ke6 55.h5 gxh5 56.Rxh5 Ra3+ 57.Kf4 Rb3
58.Rg5 Kd6 59.Rg3 Rb7 60.a6 Ra7 61.Ra3 Ke6 62.Ra5 Kf6 63.e5+ Ke6  1-0

[Event "Wisla BES op"]
[Site "Wisla"]
[Date "1992.??.??"]
[Round "6"]
[White "Jaworski, Miroslaw"]
[Black "Swierczewski, Marek"]
[Result "1-0"]
[WhiteElo "2320"]
[BlackElo "2260"]

1.d4 Nf6 2.c4 e6 3.g3 Bb4+ 4.Bd2 Qe7 5.Nf3 O-O 6.Bg2 Bxd2+ 7.Qxd2 d6 8.Nc3 e5
9.O-O Re8 10.e4 Nbd7 11.b3 exd4 12.Nxd4 Nc5 13.Rfe1 Bd7 14.h3 g6 15.f4 Rab8
16.Rad1 Ne6 17.Kh2 a6 18.e5 dxe5 19.fxe5 Nh5 20.Nd5 Qc5 21.g4 c6 22.Nxe6 Bxe6
23.Nc7 Ng7 24.Nxe8 Rxe8 25.Qd4 Qe7 26.Qf4 Bc8 27.Qf6 Qc7 28.Re2 Ne6 29.Red2 c5
30.Rd6 Nd4 31.Bd5 Be6 32.Bxe6 fxe6 33.Rf1 Qe7 34.b4 Nc6 35.bxc5  1-0

[Event "Andorra op"]
[Site "Andorra"]
[Date "1993.??.??"]
[Round "3"]
[White "Marin, Mihail"]
[Black "Tisdall, Jonathan D"]
[Result "1/2-1/2"]
[WhiteElo "2515"]
[BlackElo "2465"]

1.d4 Nf6 2.c4 e6 3.g3 Bb4+ 4.Bd2 Be7 5.Bg2 d5 6.Nf3 O-O 7.O-O c6 8.Qc2 b6
9.Bf4 Bb7 10.Rd1 Nbd7 11.Nc3 dxc4 12.Nd2 Nd5 13.Nxc4 N7f6 14.Bg5 h6 15.Bxf6 Nxf6
16.e4 b5 17.Ne3 Qb6 18.e5 Nd7 19.Ne4 Rac8 20.b4 Bxb4 21.Rab1 c5 22.Qb2 Bxe4
23.Bxe4 Qa5 24.d5 Bc3 25.Qe2 Nxe5 26.f4 Nc4 27.Nxc4 bxc4 28.dxe6 Bd4+ 29.Kg2 fxe6
30.Qxc4 Kh8 31.Rb7 Rce8 32.Rb5 Qa6 33.Rxc5 Qxc4 34.Rxc4 e5 35.Bg6 Rc8 36.Rdc1 Rxc4
37.Rxc4 Rd8 38.a4 exf4 39.gxf4 Bb6 40.Re4 Kg8 41.h4 Kf8 42.Re5 Bd4 43.Re6 Bf6
44.h5 Be7 45.a5 Rd5 46.Rc6 Rc5 47.Ra6 Bd8 48.Re6 Be7 49.a6 Rd5 50.Rc6 Rc5
51.Re6 Rd5 52.Kf3 Rd6 53.f5  1/2-1/2

[Event "Athens op"]
[Site "Athens"]
[Date "1993.??.??"]
[Round "5"]
[White "Tsorbatzoglou, Theodoros"]
[Black "Petraki, Maria"]
[Result "1-0"]
[WhiteElo "2290"]
[BlackElo "2040"]

1.d4 e6 2.c4 Nf6 3.g3 Bb4+ 4.Bd2 a5 5.Nf3 d6 6.Bg2 Nbd7 7.O-O e5 8.Nc3 O-O
9.Qc2 Re8 10.e4 exd4 11.Nxd4 Ne5 12.b3 c6 13.Rad1 Bd7 14.Kh1 Bc5 15.Bc1 Qe7
16.Nf5 Bxf5 17.exf5 Rad8 18.h3 Qc7 19.Bg5 Ba7 20.Ne4 Nxe4 21.Bxd8 Nxf2+ 22.Qxf2  1-0

[Event "AUT-chT"]
[Site "?"]
[Date "1993.??.??"]
[Round "?"]
[White "Stohl, Igor"]
[Black "Mokry, Karel"]
[Result "1/2-1/2"]
[WhiteElo "2540"]
[BlackElo "2525"]

1.d4 Nf6 2.c4 e6 3.g3 Bb4+ 4.Bd2 c5 5.Bg2 Qb6 6.d5 Bxd2+ 7.Qxd2 Qb4 8.Qxb4 cxb4
9.Nd2 Na6 10.Nb3 exd5 11.Bxd5 Nxd5 12.cxd5 d6 13.Nf3 Bd7 14.Nfd4 Ke7 15.Kd2 Nc5
16.f3 f5 17.Na5 Rhc8 18.Rhc1 Kf6 19.Nc4 Ke7 20.a3 Na6 21.axb4 Nxb4 22.e4 fxe4
23.fxe4 Rf8 24.e5 dxe5 25.d6+ Kd8 26.Nxe5 Rf6 27.Rf1 Bh3 28.Rxf6 gxf6 29.Nc4 Rc8
30.b3 Nc6 31.Nxc6+ Rxc6 32.Rxa7 b5 33.Na3 Rxd6+ 34.Kc3 Bd7 35.Ra8+ Ke7 36.Rh8 Bf5
37.Nxb5 Rd3+ 38.Kc4 Rd2 39.Nd4 Bg6 40.h4 Rg2 41.h5 Be4 42.Rg8  1/2-1/2

[Event "Bagneux"]
[Site "Bagneux"]
[Date "1993.??.??"]
[Round "1"]
[White "Urban, Klaudiusz"]
[Black "Borne, Niels"]
[Result "1/2-1/2"]
[WhiteElo "2450"]
[BlackElo "2275"]

1.d4 Nf6 2.c4 e6 3.g3 Bb4+ 4.Bd2 Qe7 5.Bg2 Bxd2+ 6.Qxd2 d6 7.Nf3 O-O 8.O-O e5
9.Nc3 Nc6 10.d5 Nb8 11.e4 a5 12.Ne1 Na6 13.Nd3 Nd7 14.f4 Nac5 15.Nf2 Nf6
16.Rae1 Bd7 17.Re3 a4 18.f5 Rfb8 19.g4 h6 20.h4 Nh7 21.Rh3 b5 22.cxb5 Bxb5
23.Rc1 Bc4 24.Rc2  1/2-1/2

[Event "Barbera op"]
[Site "Barbera"]
[Date "1993.??.??"]
[Round "4"]
[White "Pomes Marcet, Juan"]
[Black "Garcia Ilundain, David"]
[Result "1/2-1/2"]
[WhiteElo "2410"]
[BlackElo "2475"]

1.d4 Nf6 2.c4 e6 3.g3 Bb4+ 4.Bd2 Be7 5.Bg2 d5 6.Nc3 O-O 7.cxd5 exd5 8.Nf3 c6
9.O-O Re8 10.a3 Bf5 11.b4 Ne4 12.Qb3 Bf6 13.e3 Nd7 14.Rfc1 Nb6 15.Be1 Qd7
16.Nxe4 Bxe4 17.Nd2 Bxg2 18.Kxg2 h5 19.a4 Nc8 20.b5 Nd6 21.bxc6 bxc6 22.Qd3 h4
23.Ra2 Rac8 24.Rac2 Nf5 25.Nb3 g6 26.Nc5 Qe7  1/2-1/2

[Event "Barcelona op9394"]
[Site "Barcelona"]
[Date "1993.??.??"]
[Round "6"]
[White "Marin, Mihail"]
[Black "Pogorelov, Ruslan"]
[Result "1-0"]
[WhiteElo "2515"]
[BlackElo "2415"]

1.d4 Nf6 2.c4 e6 3.g3 Bb4+ 4.Bd2 Be7 5.Bg2 d5 6.Nf3 O-O 7.O-O c6 8.Qc2 Nbd7
9.Bf4 a5 10.Rd1 Nh5 11.Bc1 Nhf6 12.Nbd2 b5 13.c5 Qe8 14.e4 Nxe4 15.Nxe4 dxe4
16.Qxe4 Nf6 17.Qc2 Nd5 18.Re1 f6 19.Bf4 g5 20.Bd6 Bxd6 21.cxd6 Qd7 22.Nd2 Qxd6
23.Ne4 Qc7 24.Rac1 Ra7 25.a3 Bd7 26.Nc5 Qd6 27.Nxd7 Rxd7 28.Qxc6 Qxc6 29.Rxc6 Nc7
30.Rec1 Rff7 31.b3 Kg7 32.R1c5 Rfe7 33.Bf1 Kf7 34.Bxb5 Nxb5 35.Rxb5 a4 36.b4 Rxd4
37.Ra5 h5 38.Rca6 h4 39.Kg2 f5 40.Rxa4 g4 41.gxh4 Kf6 42.b5 Rd2 43.Ra7 Rxa7
44.Rxa7 Rb2 45.a4 f4 46.Rc7 e5 47.Rc1 e4 48.Kg1 Kg6 49.Re1 Rb4 50.Kg2 Kh5
51.b6 Rxa4 52.Rb1 Ra8 53.b7 Rb8 54.Rb6 Kxh4 55.Rb5 e3 56.fxe3 fxe3 57.Kf1 g3
58.Rb4+ Kh3 59.hxg3 Kxg3 60.Ke2  1-0

[Event "Berga op"]
[Site "Berga"]
[Date "1993.??.??"]
[Round "3"]
[White "Marin, Mihail"]
[Black "Adla, Diego"]
[Result "1-0"]
[WhiteElo "2515"]
[BlackElo "2435"]

1.d4 Nf6 2.c4 e6 3.g3 Bb4+ 4.Bd2 Qe7 5.Nf3 Nc6 6.Nc3 d5 7.a3 Bxc3 8.Bxc3 O-O
9.Bg2 Bd7 10.O-O dxc4 11.Ne5 Rfd8 12.Nxc6 Bxc6 13.Bxc6 bxc6 14.Qa4 Qd7 15.Qxc4 Rab8
16.Rac1 Nd5 17.b4 f5 18.Bd2 Rb6 19.a4 Ne7 20.a5 Rb5 21.Bg5 h6 22.Bxe7 Qxe7
23.Qxc6 Rxb4 24.e3 Rb2 25.Qxc7 Rd7 26.Qc8+ Kh7 27.Rc6 Qf7 28.Rfc1 e5 29.dxe5 Qd5
30.Qe8 Rf7 31.Rd6 Qa2 32.Qe6 Qxe6 33.Rxe6 Ra2 34.a6 Ra5 35.Rc2 Rd7 36.Rd6 Re7
37.f4 Re8 38.Kf2 Rb8 39.h3 h5 40.g4 hxg4 41.hxg4 fxg4 42.Kg3 Ra3 43.Re2 Rb6
44.Rxb6 axb6 45.Rb2 Rxa6 46.Kxg4 g6 47.Kg5 Kg7 48.Rc2 Ra7 49.Rc6 Rb7 50.Rxg6+ Kh7
51.e6 b5 52.Kf6 b4 53.Rg1 b3 54.e7  1-0

[Event "Bratislava op"]
[Site "Bratislava"]
[Date "1993.??.??"]
[Round "9"]
[White "Sorokin, Maxim"]
[Black "Berend, Fred"]
[Result "1-0"]
[WhiteElo "2515"]
[BlackElo "2295"]

1.d4 Nf6 2.c4 e6 3.g3 Bb4+ 4.Bd2 c5 5.Bxb4 cxb4 6.Bg2 O-O 7.Nf3 d6 8.O-O Qe7
9.Ne1 e5 10.Nc2 a5 11.Nd2 Nc6 12.d5 Nd8 13.a3 bxa3 14.Rxa3 b6 15.b4 Nb7 16.Qa1 Bg4
17.e4 Rfc8 18.Ne3 Bd7 19.f4 Qf8 20.Qb2 Ng4 21.Nc2 axb4 22.Raf3 b5 23.h3 Nh6
24.g4 Kh8 25.g5 Ng8 26.fxe5 dxe5 27.Rxf7 Qe8 28.Qxb4 Ra4 29.Qf8 Qxf8 30.Rxf8 bxc4
31.Rxc8 Bxc8 32.Rf8 Ra2 33.Nxc4 Rxc2 34.Nxe5 g6 35.Nc6 Bd7 36.Ne7 Kg7 37.Rxg8+ Kf7
38.Rb8 Nc5 39.Ng8 Re2 40.Nf6 Re1+ 41.Kh2 Re2 42.Kg3 Ba4 43.Rh8 h5 44.gxh6 Kxf6
45.Rf8+ Ke7 46.h7 Kxf8 47.h8=Q+ Kf7 48.Qd4 Rc2 49.e5  1-0

[Event "Bucharest"]
[Site "Bucharest"]
[Date "1993.??.??"]
[Round "?"]
[White "Marin, Mihail"]
[Black "Gagarin, Vasilij"]
[Result "1-0"]
[WhiteElo "2515"]
[BlackElo "2450"]

1.d4 Nf6 2.c4 e6 3.g3 Bb4+ 4.Bd2 Be7 5.Bg2 d5 6.Nf3 O-O 7.O-O c6 8.Bf4 Nbd7
9.Qc2 b6 10.Rd1 Bb7 11.Nc3 Rc8 12.b3 Nh5 13.Bc1 f5 14.Bb2 Bd6 15.e3 Qe7 16.Ne2 Nhf6
17.Nf4 Ne4 18.Nd3 Ndf6 19.Nfe5 Rfd8 20.f3 Ng5 21.c5 Bb8 22.a4 Nd7 23.a5 Ba6
24.Nxd7 Bxd3 25.Qxd3 Rxd7 26.cxb6 axb6 27.Qa6 Rb7 28.axb6 Bd6 29.Rdc1 Qd7
30.Bc3 Rcb8 31.Ba5 Bb4 32.Bxb4 Rxb6 33.Qa4 Rxb4 34.Qxc6 Qe7 35.Ra6 Rxb3 36.h4 Nf7
37.Qxe6 Rxe3 38.Rc8+ Rxc8 39.Qxc8+ Qd8 40.Qxd8+ Nxd8 41.Ra8 Re8 42.f4 Kf7
43.Bxd5+ Ke7 44.Kf2 Kd6 45.Bf3 Ke7 46.Ra5 Kf6 47.Bd5 Ke7 48.Bf3 Kf6 49.Bd5 Ke7
50.Ra6 Kf8 51.Ra8 Ke7 52.Bc4 Kd6 53.Ra6+ Ke7 54.Ra7+ Kf8 55.Rd7 Ne6 56.h5 Nd8
57.h6 gxh6 58.d5 Kg8 59.d6+ Kh8 60.Re7 Rf8 61.Bd5  1-0

[Event "Bucharest"]
[Site "Bucharest"]
[Date "1993.??.??"]
[Round "?"]
[White "Marin, Mihail"]
[Black "Kiselev, Sergey"]
[Result "1-0"]
[WhiteElo "2515"]
[BlackElo "2510"]

1.d4 Nf6 2.c4 e6 3.g3 Bb4+ 4.Bd2 Be7 5.Bg2 d5 6.Nf3 O-O 7.O-O c6 8.Qc2 b6
9.Bf4 Bb7 10.Nbd2 Nbd7 11.e4 Rc8 12.Rad1 Nh5 13.Be3 Qc7 14.e5 g6 15.Bg5 Qd8
16.Bxe7 Qxe7 17.Qa4 a5 18.cxd5 exd5 19.Rfe1 Ng7 20.Nf1 f5 21.Qb3 Ne6 22.h4 Kg7
23.Ng5 h6 24.Nxe6+ Qxe6 25.f4 Rb8 26.Nh2 Rf7 27.Nf3 Bc8 28.h5 Nf8 29.hxg6 Nxg6
30.Qa3 Bd7 31.Rc1 Rff8 32.Bf1 Rfe8 33.Bd3 Ne7 34.Nh4 Rg8 35.Qd6 Rbf8 36.Qc7 Kh8
37.Kf2 Rb8 38.Rh1 c5 39.Nf3 c4 40.Ng5 Qc6 41.Rxh6+ Qxh6 42.Nf7+  1-0

[Event "Buenos Aires Najdorf op"]
[Site "Buenos Aires"]
[Date "1993.??.??"]
[Round "2"]
[White "Mellano, Santiago"]
[Black "Casafus, Ruben"]
[Result "0-1"]
[WhiteElo "2300"]
[BlackElo "2405"]

1.d4 Nf6 2.c4 e6 3.g3 Bb4+ 4.Bd2 Qe7 5.Bg2 O-O 6.Nc3 Nc6 7.a3 Bxc3 8.Bxc3 d6
9.e4 e5 10.d5 Nd4 11.f3 c5 12.Ne2 Ne8 13.Bxd4 exd4 14.O-O f5 15.exf5 Bxf5
16.Nf4 Nc7 17.Re1 Qf6 18.Qb3 Rab8 19.a4 g5 20.Nd3 Rfe8 21.Nf2 b6 22.Ne4 Bxe4
23.fxe4 Rf8 24.e5 dxe5 25.Rf1 Qe7 26.Qd3 Rxf1+ 27.Rxf1 Ne8 28.Qf5 Nd6 29.Qf6 Qxf6
30.Rxf6 Nxc4 31.d6 Kg7 32.Re6 Rd8 33.Re7+ Kf6 34.Bd5 Nxd6 35.Re6+ Kf5 36.g4+ Kxg4
37.Rf6 h5 38.Rf3 e4 39.Rf6 Kh4 40.Kg2 c4 41.Be6 d3 42.h3 d2 43.Bg4 Nf5  0-1

[Event "Cheliabinsk"]
[Site "Cheliabinsk"]
[Date "1993.??.??"]
[Round "?"]
[White "Gleizerov, Evgeny"]
[Black "Kiselev, Sergey"]
[Result "1/2-1/2"]
[WhiteElo "2525"]
[BlackElo "2470"]

1.d4 Nf6 2.c4 e6 3.g3 Bb4+ 4.Bd2 c5 5.Bxb4 cxb4 6.Bg2 O-O 7.Nf3 d6 8.O-O Qe7
9.a3 bxa3 10.Rxa3 e5 11.Nc3 Bg4 12.h3 Bxf3 13.Bxf3 Nc6 14.Bxc6 bxc6 15.d5 Rfc8
16.b3 Qd7 17.Kh2 h5 18.dxc6 Qxc6 19.Qd3 Rc7 20.e4 Rb7 21.Nd5 Nxd5 22.Qxd5 Qxd5
23.exd5 Rab8 24.Rfa1 Rxb3 25.Rxb3 Rxb3 26.Rxa7 Rc3 27.h4 Rxc4 28.Rd7  1/2-1/2

[Event "Cheliabinsk"]
[Site "Cheliabinsk"]
[Date "1993.??.??"]
[Round "?"]
[White "Gleizerov, Evgeny"]
[Black "Kaiumov, Dmitry D"]
[Result "1-0"]
[WhiteElo "2525"]
[BlackElo "2425"]

1.d4 Nf6 2.c4 e6 3.g3 Bb4+ 4.Bd2 Be7 5.Bg2 d5 6.Nf3 O-O 7.O-O c6 8.Qb3 Nbd7
9.Nc3 Nb6 10.c5 Nc4 11.Bf4 b6 12.cxb6 axb6 13.Qc2 Nh5 14.Bc1 f5 15.b3 Na3
16.Qd1 Bb7 17.Na4 Nb5 18.Bb2 Rc8 19.Rc1 Nd6 20.Rc2 Nf7 21.Qc1 Nf6 22.Ne1 Re8
23.Nd3 Nd7 24.Rd1 Bg5 25.e3 Be7 26.Ba3 e5 27.dxe5 Nfxe5 28.Nxe5 Nxe5 29.Bxe7 Rxe7
30.Qd2 Nd7 31.b4 b5 32.Nc5 Nxc5 33.Rxc5 Ra8 34.Qc2 Qd7 35.Bh3 g6 36.e4 Rae8
37.exf5 Re2 38.Rd2 R2e4 39.a4 Rxb4 40.axb5 Rxb5 41.Rxb5 cxb5 42.Rd4 Re5 43.Qd2 Qe7
44.fxg6 hxg6 45.Bf1 Bc6 46.Bd3 Re1+ 47.Kg2 Re6 48.h4 Qf6 49.Qb4 Qe5 50.Qc5 Rf6
51.Be4 Kg7 52.Bf3 Qd6 53.Qc3 Qe5 54.Qd2 Rf5 55.Bd1 Rf6 56.Bc2 Rd6 57.Qd3 Rf6
58.Rg4 d4+ 59.Kf1 Bf3 60.Rxg6+ Rxg6 61.Qxg6+ Kf8 62.Bd3 Ke7 63.Qb6  1-0

[Event "Cherepovets"]
[Site "Cherepovets"]
[Date "1993.??.??"]
[Round "?"]
[White "Polovodin, Igor A"]
[Black "Dokuchaev, Aleksander"]
[Result "1/2-1/2"]
[WhiteElo "2445"]
[BlackElo "2405"]

1.d4 Nf6 2.c4 e6 3.g3 Bb4+ 4.Bd2 Be7 5.Bg2 d5 6.Nf3 c6 7.Qb3 O-O 8.O-O b6
9.Nc3 Ba6 10.cxd5 cxd5  1/2-1/2

[Event "Cuxhaven op"]
[Site "Cuxhaven"]
[Date "1993.??.??"]
[Round "3"]
[White "Blancke, Stefan"]
[Black "Dobosz, Henryk"]
[Result "1/2-1/2"]
[WhiteElo "2275"]
[BlackElo "2430"]

1.d4 Nf6 2.c4 e6 3.g3 Bb4+ 4.Bd2 a5 5.Bg2 d5 6.a3 Bxd2+ 7.Nxd2 O-O 8.Ngf3 Qe7
9.O-O Rd8 10.Qc2 Nc6 11.Rfd1 Bd7 12.e4 dxe4 13.Nxe4 Be8 14.Nc3 a4 15.Nxa4 Nxd4
16.Rxd4 Bxa4 17.Qc3 Bc6 18.Rad1 Rxd4 19.Qxd4  1/2-1/2

[Event "Dortmund op-A"]
[Site "Dortmund"]
[Date "1993.??.??"]
[Round "7"]
[White "Razuvaev, Yuri S"]
[Black "Bischoff, Klaus"]
[Result "1/2-1/2"]
[WhiteElo "2525"]
[BlackElo "2505"]

1.d4 Nf6 2.c4 e6 3.g3 Bb4+ 4.Bd2 Be7 5.Bg2 d5 6.Nf3 O-O 7.O-O Nbd7 8.Qc2 c6
9.Bf4 b6 10.Rd1 Bb7 11.Nc3 dxc4 12.Nd2 Nd5 13.Nxc4 Nxf4 14.gxf4 Qc7 15.e3 Rac8
16.a3 Rfd8 17.b4 Nf6 18.Rab1 Nd5 19.Ne4 Ba6 20.Ne5 f6 21.Nc4 f5 22.Ned2 Bf6
23.Nb3  1/2-1/2

[Event "Elenite op"]
[Site "Elenite"]
[Date "1993.??.??"]
[Round "2"]
[White "Tashkov, Rumen"]
[Black "Sidorov, Anatoly"]
[Result "0-1"]
[WhiteElo "2240"]
[BlackElo "2360"]

1.d4 Nf6 2.c4 e6 3.g3 Bb4+ 4.Bd2 a5 5.Nf3 Ne4 6.Bg2 O-O 7.O-O d5 8.Bf4 a4
9.Qc2 Nc6 10.Nc3 Bxc3 11.bxc3 Na5 12.c5 b6 13.cxb6 cxb6 14.Qxa4 Ba6 15.Rfe1 Rc8
16.Bf1 Rc4 17.Qa3 f6 18.Bd2 Qd7 19.Rab1 Ra4 20.Qc1 Rxa2 21.Rb2 Rxb2 22.Qxb2 Qc6
23.Rc1 Bc4 24.Be1 Nb3 25.Rd1 Ra8 26.Nd2 Nbxd2 27.Bxd2 Ra2 28.Qc1 Qa4 29.Be1 Bb3
30.Rd3 Ra1 31.Qf4 Rxe1 32.Qb8+ Kf7  0-1

[Event "Farum op"]
[Site "Farum"]
[Date "1993.??.??"]
[Round "1"]
[White "Hansen, Lars Bo"]
[Black "Nilsson, Nils Specht"]
[Result "1-0"]
[WhiteElo "2560"]
[BlackElo "2245"]

1.d4 Nf6 2.c4 e6 3.g3 Bb4+ 4.Bd2 Qe7 5.Nf3 b6 6.Bg2 Bb7 7.O-O Bxd2 8.Nbxd2 c5
9.dxc5 Qxc5 10.Re1 Ne4 11.Nxe4 Bxe4 12.b4 Qxb4 13.Qd4 f5 14.Qxg7 Qf8 15.Qc3 Nc6
16.Nd2 Bxg2 17.Kxg2 Rg8 18.Rab1 Rc8 19.e4 f4 20.e5 Rg5 21.Rb5 Rc7 22.Ne4 f3+
23.Kh1 Rg6 24.c5 Nd8 25.Nd6+ Ke7 26.Qa3 Rxc5 27.Ne4 Nb7 28.Rb3 Qa8 29.Rxb6 Kd8
30.Nxc5  1-0